[Event "España ch 2008 sub 18"]
[Site "Padrón ESP"]
[Date "2008.07.30"]
[Round "6.18"]
[White "Rodrigo Yanguas, Maria"]
[Black "Hernandez Munoz, Antonio"]
[Result "0-1"]
[WhiteElo "1999"]
[BlackElo "2044"]
[PlyCount "112"]
[EventDate "2008.07.27"]
[EventType "swiss"]
[EventRounds "9"]
[EventCountry "ESP"]
[Source "lmi"]
[SourceDate "2008.07.27"]

1. e4 c5 2. Nf3 d6 3. d4 cxd4 4. Nxd4 Nf6 5. Nc3 a6 6. Be2 e5 7. Nb3 Be7 8. O-O
O-O 9. Be3 Qc7 10. f3 Be6 11. Qe1 b5 12. a3 d5 13. exd5 Nxd5 14. Nxd5 Bxd5 15.
Bd3 f5 16. Rd1 Be6 17. Rf2 Nd7 18. Rfd2 Nb6 19. Qf2 Na4 20. f4 e4 21. Bf1 Nxb2
22. Ra1 Bc4 23. Bb6 Qc8 24. Bd4 Na4 25. Rad1 Bxa3 26. Qg3 Rf7 27. Be5 Bb4 28.
Bxc4 bxc4 29. Rd8+ Qxd8 30. Rxd8+ Rxd8 31. Nd4 Bc5 32. c3 Rfd7 33. h4 Nxc3 34.
Qxc3 Bxd4+ 35. Bxd4 Rxd4 36. h5 R8d6 37. Kh2 Kf8 38. Kg1 Kg8 39. Kh2 Rd8 40.
Kg1 Kh8 41. Kh2 h6 42. Kg1 R8d7 43. Qa5 R4d5 44. Qxa6 Rd8 45. Qxc4 e3 46. Qe2
Re8 47. Kh2 Re7 48. Kh3 Rd2 49. Qc4 e2 50. Qc8+ Kh7 51. Qxf5+ Kg8 52. Qc8+ Kf7
53. Qf5+ Ke8 54. Qc8+ Rd8 55. Qc6+ Kf8 56. Qb6 Rd3+ 0-1

[Event "España ch 2008 sub 18"]
[Site "Padrón ESP"]
[Date "2008.07.30"]
[Round "6.19"]
[White "Hernandez Leon, Sergio"]
[Black "Sanz Rodero, Mikel"]
[Result "1-0"]
[WhiteElo "2042"]
[BlackElo "1982"]
[PlyCount "51"]
[EventDate "2008.07.27"]
[EventType "swiss"]
[EventRounds "9"]
[EventCountry "ESP"]
[Source "lmi"]
[SourceDate "2008.07.27"]

1. e4 d5 2. exd5 Qxd5 3. Nf3 Bg4 4. Be2 Nc6 5. d4 O-O-O 6. Be3 Nf6 7. O-O e6 8.
Nbd2 Qf5 9. c4 g5 10. Qb3 e5 11. Bd3 e4 12. Bc2 Bxf3 13. Nxf3 Bd6 14. d5 Ne5
15. Nd4 Qg4 16. Bd1 Qd7 17. Rc1 Nd3 18. Rc2 Ng4 19. h3 Nxe3 20. fxe3 h5 21. Be2
Ne5 22. c5 Nf3+ 23. Bxf3 exf3 24. c6 Bh2+ 25. Kh1 fxg2+ 26. Rxg2 1-0

[Event "España ch 2008 sub 18"]
[Site "Padrón ESP"]
[Date "2008.07.30"]
[Round "6.20"]
[White "Perez Castellano, Susana"]
[Black "Sanchez Ibern, Eric"]
[Result "1-0"]
[WhiteElo "1857"]
[BlackElo "2038"]
[PlyCount "129"]
[EventDate "2008.07.27"]
[EventType "swiss"]
[EventRounds "9"]
[EventCountry "ESP"]
[Source "lmi"]
[SourceDate "2008.07.27"]

1. e4 c5 2. Nf3 d6 3. Bb5+ Nd7 4. O-O a6 5. Bd3 Ngf6 6. c3 g6 7. Bc2 Bg7 8. d4
cxd4 9. cxd4 O-O 10. Re1 e5 11. dxe5 Nxe5 12. Nxe5 dxe5 13. Qxd8 Rxd8 14. Nd2
Be6 15. Nf3 Nd7 16. Ng5 Bc4 17. b3 Bb5 18. a4 Bc6 19. b4 h6 20. Nf3 Bf8 21. Ba3
f6 22. Bb3+ Kg7 23. a5 Rac8 24. Bc4 f5 25. Bd3 Nf6 26. Nxe5 Nxe4 27. f3 Nf6 28.
Bf1 Rd2 29. Rec1 Bd7 30. Nc4 Rd5 31. Nb6 Rxc1 32. Rxc1 Rd2 33. Rb1 Bc6 34. Bb2
Be7 35. Nc8 Bd8 36. Be5 Kf8 37. Rc1 Nd5 38. Bxa6 Ne3 39. Bd6+ Kf7 40. Bf1 Nxf1
41. Rxf1 Bd7 42. Bf4 Rd4 43. Nd6+ Ke6 44. Re1+ Kd5 45. Nxb7 Bh4 46. g3 Rxb4 47.
a6 Bf6 48. Rd1+ Bd4+ 49. Be3 Bc6 50. Rd2 Ke5 51. Bxd4+ Rxd4 52. f4+ Kd5 53.
Rxd4+ Kxd4 54. Nd6 Kc5 55. Nc8 Be4 56. Kf2 Kc6 57. Ke3 Kc7 58. Ne7 g5 59. Ng8
gxf4+ 60. Kxf4 Bd3 61. Nxh6 Bxa6 62. Kxf5 Kd8 63. Kf6 Ke8 64. g4 Kf8 65. g5 1-0

[Event "España ch 2008 sub 18"]
[Site "Padrón ESP"]
[Date "2008.07.30"]
[Round "6.21"]
[White "Torres Ventosa, Pedro Eugenio"]
[Black "Renilla Merchan, Andres"]
[Result "1-0"]
[WhiteElo "2135"]
[BlackElo "1867"]
[PlyCount "59"]
[EventDate "2008.07.27"]
[EventType "swiss"]
[EventRounds "9"]
[EventCountry "ESP"]
[Source "lmi"]
[SourceDate "2008.07.27"]

1. e4 e6 2. d4 d5 3. Nd2 dxe4 4. Nxe4 Bd7 5. Nf3 Bc6 6. Bd3 Nd7 7. c3 Ngf6 8.
Ng3 Be7 9. O-O O-O 10. Re1 Bxf3 11. Qxf3 c6 12. Bc2 Rc8 13. Bb3 b6 14. Bg5 Nd5
15. Bxe7 Nxe7 16. Rad1 Qc7 17. Bc2 Nf6 18. Ne4 Nxe4 19. Rxe4 c5 20. Rh4 f5 21.
dxc5 bxc5 22. Bb3 Rf6 23. Re1 Qc6 24. Qxc6 Rxc6 25. Ra4 Nc8 26. Re5 g6 27. Rc4
Rd6 28. Rcxc5 Rd8 29. h3 Re8 30. Rxe6 1-0

[Event "España ch 2008 sub 18"]
[Site "Padrón ESP"]
[Date "2008.07.30"]
[Round "6.22"]
[White "Jimenez Serna, Alvaro"]
[Black "Castellano Egea, Einar"]
[Result "1-0"]
[WhiteElo "1947"]
[BlackElo "2128"]
[PlyCount "136"]
[EventDate "2008.07.27"]
[EventType "swiss"]
[EventRounds "9"]
[EventCountry "ESP"]
[Source "lmi"]
[SourceDate "2008.07.27"]

1. e4 e6 2. d4 d5 3. Be3 Nf6 4. e5 Nfd7 5. f4 c5 6. c3 b6 7. Nf3 Be7 8. Bd3 Ba6
9. O-O Bxd3 10. Qxd3 Nc6 11. c4 Nb4 12. Qb3 dxc4 13. Qxc4 Nd5 14. Bd2 cxd4 15.
Nxd4 Rc8 16. Qa4 O-O 17. Nc3 Nc5 18. Qd1 Nd3 19. Nxd5 Qxd5 20. Bc3 Qe4 21. Qf3
Nc5 22. Rac1 Rfd8 23. Rcd1 a6 24. g3 b5 25. a3 Qxf3 26. Nxf3 Na4 27. Rxd8+ Rxd8
28. Bd4 Rc8 29. Rf2 Kf8 30. b3 Nc3 31. Rc2 b4 32. axb4 Bxb4 33. Ng5 Bc5 34.
Bxc5+ Rxc5 35. Nxh7+ Ke7 36. Ng5 Ne4 37. Re2 Rc1+ 38. Kg2 Nxg5 39. fxg5 Rc3 40.
Ra2 Rxb3 41. Rxa6 Rb5 42. Ra7+ Ke8 43. g6 fxg6 44. Rxg7 Rxe5 45. Rxg6 Kf7 46.
Rh6 Kg7 47. Rh4 Kg6 48. Rg4+ Kf6 49. Rf4+ Kg5 50. h4+ Kh5 51. Rf3 Kg4 52. Rf4+
Kh5 53. Kf3 Ra5 54. Re4 e5 55. Kg2 Kg6 56. g4 Ra2+ 57. Kf3 Ra3+ 58. Re3 Ra5 59.
Kg3 Kf6 60. Rf3+ Kg6 61. h5+ Kg7 62. Kh4 Rc5 63. Rf5 Ra5 64. Kg5 Rc5 65. h6+
Kh7 66. Kh5 Rc6 67. Rf7+ Kg8 68. Re7 Kf8 1-0

[Event "España ch 2008 sub 18"]
[Site "Padrón ESP"]
[Date "2008.07.30"]
[Round "6.23"]
[White "Calle Moreau, Jose Domingo"]
[Black "Marcos Pinto, Luis"]
[Result "1/2-1/2"]
[WhiteElo "1940"]
[BlackElo "2115"]
[PlyCount "139"]
[EventDate "2008.07.27"]
[EventType "swiss"]
[EventRounds "9"]
[EventCountry "ESP"]
[Source "lmi"]
[SourceDate "2008.07.27"]

1. e4 c5 2. Nf3 Nc6 3. d4 cxd4 4. Nxd4 e5 5. Nb5 Nf6 6. N1c3 d6 7. Bg5 a6 8.
Na3 b5 9. Bxf6 gxf6 10. Nd5 f5 11. g3 fxe4 12. Bg2 Bg7 13. Bxe4 O-O 14. Ne3 d5
15. Bxd5 Bd7 16. O-O Rc8 17. Qh5 Ne7 18. Bg2 Be6 19. Rad1 Qb6 20. Nb1 Bxa2 21.
Nc3 Bc4 22. Nxc4 Rxc4 23. Ne4 Qg6 24. Qe2 Rd4 25. c3 Rdd8 26. Nc5 Rd6 27. Nb7
Rxd1 28. Rxd1 Nc8 29. Be4 f5 30. Bd5+ Kh8 31. Qe3 Nb6 32. Qc5 Nxd5 33. Rxd5 f4
34. Qd6 Qb1+ 35. Rd1 Qxb2 36. Qd2 Qxd2 37. Rxd2 e4 38. Rd6 Bxc3 39. Rxa6 e3 40.
Re6 fxg3 41. fxe3 gxh2+ 42. Kxh2 Rb8 43. Nc5 b4 44. Nb3 Kg7 45. Re7+ Kg6 46.
Kg2 h5 47. Kf3 Ra8 48. Rb7 Ra3 49. Nc5 Bd4 50. Nd7 Bxe3 51. Ne5+ Kf5 52. Nc4
Bc1+ 53. Nxa3 bxa3 54. Rb5+ Kg6 55. Ra5 Bb2 56. Kf4 Bc1+ 57. Kg3 Bb2 58. Kh3
Kh6 59. Kg2 Kg7 60. Ra6 Kf7 61. Kg3 Ke7 62. Kh4 Kd7 63. Kxh5 Kc7 64. Kg4 Kb7
65. Ra4 Kb6 66. Kf3 Kb5 67. Ra8 Kb4 68. Ke2 Kb3 69. Kd3 Bc3 70. Ke4 1/2-1/2

[Event "España ch 2008 sub 18"]
[Site "Padrón ESP"]
[Date "2008.07.30"]
[Round "6.24"]
[White "Alshameary Puente, Ismael"]
[Black "Ladron De Guevara Pinto, Fermin"]
[Result "0-1"]
[WhiteElo "1951"]
[BlackElo "2074"]
[PlyCount "44"]
[EventDate "2008.07.27"]
[EventType "swiss"]
[EventRounds "9"]
[EventCountry "ESP"]
[Source "lmi"]
[SourceDate "2008.07.27"]

1. e4 e6 2. d4 d5 3. Nc3 Nf6 4. e5 Nfd7 5. f4 c5 6. Nf3 Nc6 7. Be3 Be7 8. Qd2
c4 9. Be2 Rb8 10. f5 b5 11. Bg5 b4 12. fxe6 fxe6 13. Nd1 Bxg5 14. Nxg5 Nxd4 15.
h4 Qb6 16. c3 Nf5 17. Nf3 bxc3 18. bxc3 Nc5 19. Nf2 Qb2 20. Rd1 Qxd2+ 21. Rxd2
Ng3 22. Rh3 Nge4 0-1

[Event "España ch 2008 sub 18"]
[Site "Padrón ESP"]
[Date "2008.07.30"]
[Round "6.25"]
[White "De Nacimiento Montano, Antonio"]
[Black "Aboy Nieto, Pablo"]
[Result "1-0"]
[WhiteElo "2045"]
[BlackElo "1949"]
[PlyCount "143"]
[EventDate "2008.07.27"]
[EventType "swiss"]
[EventRounds "9"]
[EventCountry "ESP"]
[Source "lmi"]
[SourceDate "2008.07.27"]

1. e4 d5 2. exd5 Qxd5 3. Nc3 Qa5 4. d4 c6 5. Nf3 Bg4 6. h3 Bh5 7. g4 Bg6 8. Ne5
Nd7 9. Nxd7 Kxd7 10. d5 Rd8 11. dxc6+ Kc7 12. Qe2 bxc6 13. Bd2 e6 14. Bg2 Bb4
15. a3 Nf6 16. O-O Bxc3 17. Bxc3 Qb6 18. Qe5+ Kb7 19. Ba5 Nd7 20. Qd6 Nb8 21.
Qe7+ Rd7 22. Qxd7+ Nxd7 23. Bxb6 Nxb6 24. Rfd1 Kc7 25. b3 Rb8 26. Rd2 Rd8 27.
Rad1 Rxd2 28. Rxd2 f6 29. Kf1 Nd7 30. Ke2 Nc5 31. Ke3 e5 32. f4 exf4+ 33. Kxf4
Ne6+ 34. Ke3 Nf8 35. Be4 Bf7 36. g5 Nd7 37. Bf5 Nf8 38. gxf6 gxf6 39. Rg2 Bg6
40. Bxg6 hxg6 41. h4 Kd6 42. Rd2+ Kc7 43. c4 Nd7 44. Rd4 Ne5 45. c5 Nf7 46. Kf4
Nd8 47. Rd6 g5+ 48. Ke3 gxh4 49. Rxf6 Kb7 50. b4 a5 51. Kd3 axb4 52. axb4 h3
53. Kc4 h2 54. Rh6 Nf7 55. Rh7 Ka6 56. Rxh2 Ne5+ 57. Kb3 Kb5 58. Ra2 Nc4 59.
Kc3 Na3 60. Kb3 Nc4 61. Ra8 Nd2+ 62. Kc2 Ne4 63. Kd3 Nf2+ 64. Kc3 Ne4+ 65. Kd4
Nd2 66. Kd3 Nb1 67. Ra1 Nc3 68. Ra3 Nd5 69. Rb3 Nf4+ 70. Kd4 Nd5 71. Rb1 Ka4
72. b5 1-0

[Event "España ch 2008 sub 18"]
[Site "Padrón ESP"]
[Date "2008.07.30"]
[Round "6.26"]
[White "Vila Gonzalez, Daniel"]
[Black "Cucarella Montell, Angels"]
[Result "1-0"]
[WhiteElo "2039"]
[BlackElo "1941"]
[PlyCount "85"]
[EventDate "2008.07.27"]
[EventType "swiss"]
[EventRounds "9"]
[EventCountry "ESP"]
[Source "lmi"]
[SourceDate "2008.07.27"]

1. e4 c5 2. Nf3 e6 3. d4 cxd4 4. Nxd4 Nc6 5. Nc3 Qc7 6. Be3 a6 7. Be2 Nf6 8.
O-O Bb4 9. Na4 Be7 10. Nxc6 bxc6 11. Nb6 Rb8 12. Nxc8 Qxc8 13. e5 Nd5 14. Bc1
Bc5 15. c4 Ne7 16. b3 O-O 17. Bb2 Qc7 18. Qc2 a5 19. Kh1 Qb6 20. Rad1 Rb7 21.
Bd3 g6 22. Be4 a4 23. Rd3 axb3 24. axb3 Ra8 25. Qd2 Qd8 26. Rh3 Qf8 27. Rd1 Ra2
28. Bb1 Ra8 29. Qf4 Nf5 30. g4 Ne7 31. Kg2 Nc8 32. Rdd3 Be7 33. Qd2 Nb6 34. f4
Rab8 35. Qc1 Na4 36. Bd4 Bc5 37. Ba1 Ba3 38. Qc2 Nc5 39. Rde3 Bb4 40. Ref3 Ra8
41. Bb2 d5 42. exd6 Qxd6 43. Rxh7 1-0

[Event "España ch 2008 sub 18"]
[Site "Padrón ESP"]
[Date "2008.07.30"]
[Round "6.27"]
[White "Martinez Salas, Imanol"]
[Black "Zapata Lopez, Julio"]
[Result "1-0"]
[WhiteElo "2010"]
[BlackElo "1921"]
[PlyCount "57"]
[EventDate "2008.07.27"]
[EventType "swiss"]
[EventRounds "9"]
[EventCountry "ESP"]
[Source "lmi"]
[SourceDate "2008.07.27"]

1. e4 c5 2. Nf3 d6 3. Bb5+ Nc6 4. O-O Bd7 5. Re1 a6 6. Bf1 Bg4 7. c3 Nf6 8. d3
e6 9. Be3 Be7 10. Nbd2 O-O 11. d4 cxd4 12. cxd4 d5 13. exd5 Nxd5 14. a3 Bf5 15.
Rc1 Bf6 16. b4 Qe7 17. Nb3 Rfd8 18. Bd3 Bxd3 19. Qxd3 g6 20. Nc5 Bg7 21. Bg5
Nf6 22. h3 h6 23. Bh4 Rd5 24. Qc4 g5 25. Bg3 b5 26. Qc3 Nd8 27. Nb3 Nb7 28. Qc6
Nd6 29. Qxa8+ 1-0

[Event "España ch 2008 sub 18"]
[Site "Padrón ESP"]
[Date "2008.07.30"]
[Round "6.28"]
[White "Galan Martin, Alejandro"]
[Black "Garro Beraza, Haritz"]
[Result "1-0"]
[WhiteElo "1925"]
[BlackElo "1999"]
[PlyCount "87"]
[EventDate "2008.07.27"]
[EventType "swiss"]
[EventRounds "9"]
[EventCountry "ESP"]
[Source "lmi"]
[SourceDate "2008.07.27"]

1. e4 c5 2. Nf3 d6 3. d4 cxd4 4. Nxd4 Nf6 5. Nc3 a6 6. Bg5 e6 7. f4 Be7 8. Qf3
h6 9. Bh4 g5 10. fxg5 Nfd7 11. Bg3 Ne5 12. Qf2 hxg5 13. O-O-O Nbd7 14. Nf3 Qc7
15. Nxe5 Nxe5 16. Bxe5 dxe5 17. Be2 Qc5 18. Qf3 b5 19. Rhf1 Rh7 20. Qg3 Ra7 21.
Rd3 Rc7 22. Bd1 Rh4 23. Re1 Bd7 24. Nb1 b4 25. Nd2 Bb5 26. Nb3 Qb6 27. Rd2 a5
28. Qxe5 a4 29. Na1 Rc5 30. Qg3 Qc7 31. Qxc7 Rxc7 32. g3 Rh6 33. Be2 Bc6 34.
Bg4 Bc5 35. h3 Ke7 36. Kb1 Bb5 37. c3 bxc3 38. bxc3 Ba3 39. Nc2 Rxc3 40. Nxa3
Rxa3 41. Rb2 Bd3+ 42. Ka1 Rf6 43. Rb7+ Kf8 44. Kb2 1-0

[Event "España ch 2008 sub 18"]
[Site "Padrón ESP"]
[Date "2008.07.30"]
[Round "6.29"]
[White "Juez Villar, Erik"]
[Black "Velandrino Gomez, Maria Cielo"]
[Result "1-0"]
[WhiteElo "1912"]
[BlackElo "1995"]
[PlyCount "87"]
[EventDate "2008.07.27"]
[EventType "swiss"]
[EventRounds "9"]
[EventCountry "ESP"]
[Source "lmi"]
[SourceDate "2008.07.27"]

1. d4 d5 2. c4 c6 3. Nc3 Nf6 4. Nf3 a6 5. h3 dxc4 6. a4 e6 7. e3 c5 8. Bxc4 Nc6
9. O-O cxd4 10. exd4 Be7 11. Bg5 O-O 12. Qd2 Nb4 13. Rfe1 b6 14. Qe2 Bb7 15.
Rad1 Nbd5 16. Bd3 h6 17. Bd2 Nb4 18. Bb1 Rc8 19. Ne5 Nbd5 20. Ba2 Qd6 21. Bb1
Nxc3 22. bxc3 Qd5 23. Qf1 b5 24. axb5 axb5 25. Re3 Rfd8 26. Rde1 b4 27. Rg3 Nh5
28. Be4 Nxg3 29. fxg3 Qxe4 30. Qxf7+ Kh7 31. Rxe4 Bxe4 32. Qxe7 bxc3 33. Bxh6
Rg8 34. Bd2 Rge8 35. Qh4+ Kg8 36. Bxc3 Bd5 37. Qh5 Re7 38. Ng6 Rec7 39. Qh8+
Kf7 40. Ne5+ Kf6 41. Qh4+ g5 42. Qh6+ Ke7 43. Qg7+ Kd6 44. Bb4+ 1-0

[Event "España ch 2008 sub 18"]
[Site "Padrón ESP"]
[Date "2008.07.30"]
[Round "6.30"]
[White "Tirapo Larcuen, Ana"]
[Black "Rodriguez Perez, Angel Mariano"]
[Result "0-1"]
[WhiteElo "1880"]
[BlackElo "1991"]
[PlyCount "58"]
[EventDate "2008.07.27"]
[EventType "swiss"]
[EventRounds "9"]
[EventCountry "ESP"]
[Source "lmi"]
[SourceDate "2008.07.27"]

1. e4 d6 2. d4 g6 3. g3 Bg7 4. Bg2 Nf6 5. Ne2 O-O 6. h3 e5 7. O-O Qe7 8. Nbc3
c6 9. Be3 Ne8 10. Qd2 f5 11. f4 fxe4 12. dxe5 dxe5 13. Nxe4 Nd7 14. c3 Nc7 15.
Nd6 Nb6 16. c4 Rd8 17. Nxc8 Raxc8 18. Qc2 exf4 19. Bxb6 axb6 20. Kh1 fxg3 21.
Nf4 Qb4 22. Nd3 Qd6 23. Rad1 Ne6 24. b4 Nd4 25. Qb1 Rf8 26. c5 bxc5 27. Nxc5 b6
28. Ne4 Qe6 29. Rfe1 Ra8 0-1

[Event "España ch 2008 sub 18"]
[Site "Padrón ESP"]
[Date "2008.07.30"]
[Round "6.31"]
[White "Tarin Casado, Francisco"]
[Black "Olmo Vega, Diego"]
[Result "1-0"]
[WhiteElo "1815"]
[BlackElo "1978"]
[PlyCount "51"]
[EventDate "2008.07.27"]
[EventType "swiss"]
[EventRounds "9"]
[EventCountry "ESP"]
[Source "lmi"]
[SourceDate "2008.07.27"]

1. e4 c5 2. d3 e6 3. Nf3 Nc6 4. g3 d6 5. Bg2 g6 6. c3 Bg7 7. O-O Nge7 8. Re1
O-O 9. Nbd2 Rb8 10. Nf1 b5 11. d4 cxd4 12. cxd4 d5 13. e5 Qb6 14. g4 a5 15. Be3
Ba6 16. Qd2 Rfc8 17. Ng3 Nb4 18. Bh6 Nc2 19. Qg5 Nxe1 20. Rxe1 Qd8 21. Bxg7
Kxg7 22. Nh5+ Kg8 23. Qh6 Nf5 24. gxf5 gxh5 25. Ng5 Rc7 26. f6 1-0

[Event "España ch 2008 sub 18"]
[Site "Padrón ESP"]
[Date "2008.07.30"]
[Round "6.32"]
[White "Jimenez Capilla, Martin R"]
[Black "Rasskin Friederichs, Ivan"]
[Result "1-0"]
[WhiteElo "1977"]
[BlackElo "1843"]
[PlyCount "47"]
[EventDate "2008.07.27"]
[EventType "swiss"]
[EventRounds "9"]
[EventCountry "ESP"]
[Source "lmi"]
[SourceDate "2008.07.27"]

1. e4 e6 2. d4 d5 3. Nd2 Nf6 4. e5 Nfd7 5. Bd3 c5 6. c3 Nc6 7. Ngf3 cxd4 8.
cxd4 f6 9. exf6 Qxf6 10. Nf1 Nxd4 11. Nxd4 Bb4+ 12. Ke2 e5 13. Nc2 O-O 14. Be3
Bc5 15. Qd2 Bxe3 16. Nfxe3 e4 17. Bb5 Nb6 18. Rhf1 a6 19. Nxd5 Bg4+ 20. Ke1
Nxd5 21. Bc4 Rfd8 22. Bxd5+ Kh8 23. Ne3 Rxd5 24. Nxd5 1-0

[Event "España ch 2008 sub 18"]
[Site "Padrón ESP"]
[Date "2008.07.30"]
[Round "6.33"]
[White "Pintor Munoz, Francisco"]
[Black "Picazo Lopez, Ignacio"]
[Result "1-0"]
[WhiteElo "1808"]
[BlackElo "1973"]
[PlyCount "137"]
[EventDate "2008.07.27"]
[EventType "swiss"]
[EventRounds "9"]
[EventCountry "ESP"]
[Source "lmi"]
[SourceDate "2008.07.27"]

1. e4 d5 2. exd5 Nf6 3. d4 Nxd5 4. c4 Nb6 5. Nf3 Nc6 6. h3 g6 7. Be3 Bg7 8. Nc3
O-O 9. Qd2 e5 10. d5 Ne7 11. g4 f5 12. O-O-O e4 13. Ng5 h6 14. Ne6 Bxe6 15.
dxe6 Qxd2+ 16. Rxd2 c6 17. Bc5 Rfe8 18. Rd7 Nxd7 19. exd7 Red8 20. Bxe7 Rxd7
21. Bc5 Rad8 22. Be2 Bxc3 23. bxc3 Rd2 24. Rd1 Rxd1+ 25. Bxd1 Rd3 26. Be3 Rxc3+
27. Kb2 Rd3 28. Be2 Rd7 29. Kc3 b6 30. a4 Kg7 31. c5 bxc5 32. Bxc5 Kf6 33. Be3
Ke5 34. Bxh6 Rh7 35. g5 f4 36. f3 Rd7 37. h4 Kf5 38. Bf8 exf3 39. Bxf3 Rh7 40.
Bh6 Re7 41. Kc4 Re3 42. Bxc6 f3 43. Bxf3 Rxf3 44. Bf8 Rf4+ 45. Kb5 a6+ 46. Ka5
Rxh4 47. Be7 Ke6 48. Bf6 Kd7 49. Bc3 Kc6 50. Bd2 Re4 51. Bc1 Kb7 52. Bd2 Re5+
53. Kb4 a5+ 54. Kc4 Kc6 55. Kb3 Kb6 56. Kc4 Re4+ 57. Kb3 Re2 58. Bc3 Rg2 59.
Bd4+ Kc6 60. Bf6 Kc5 61. Be7+ Kc6 62. Kc4 Rg4+ 63. Kb3 Rd4 64. Bf6 Re4 65. Bd8
Re5 66. Bf6 Re3+ 67. Kb2 Kc5 68. Bc3 Kb6 69. Bd4+ 1-0

[Event "España ch 2008 sub 18"]
[Site "Padrón ESP"]
[Date "2008.07.30"]
[Round "6.34"]
[White "Almagro Guardia, Elena"]
[Black "Labena Bernal, Antonio"]
[Result "1-0"]
[WhiteElo "1895"]
[BlackElo "2045"]
[PlyCount "91"]
[EventDate "2008.07.27"]
[EventType "swiss"]
[EventRounds "9"]
[EventCountry "ESP"]
[Source "lmi"]
[SourceDate "2008.07.27"]

1. c4 e6 2. g3 d5 3. Bg2 c6 4. Nf3 Nf6 5. b3 Nbd7 6. Bb2 Bd6 7. O-O O-O 8. Nc3
Re8 9. e3 e5 10. cxd5 cxd5 11. d4 e4 12. Nd2 a6 13. Qe2 Nb8 14. h3 Nc6 15. a3
Bd7 16. Rfc1 Na7 17. b4 a5 18. b5 a4 19. Nxa4 Bxb5 20. Qd1 Nd7 21. Nc5 Bxc5 22.
dxc5 Rc8 23. Nb3 Bc4 24. Bd4 Nc6 25. Rab1 Ra8 26. Bb2 Nce5 27. Bxe5 Nxe5 28.
Nd4 Nd3 29. Rc3 Nxc5 30. Bf1 Qa5 31. Qc1 Na4 32. Rc2 Bxf1 33. Kxf1 Nb6 34. Rb5
Qa6 35. Kg2 Nc4 36. Rxd5 Nxa3 37. Rc7 b5 38. Rdd7 Rf8 39. Qb2 Nc4 40. Qxb5 Qxb5
41. Nxb5 Nb6 42. Rd4 f5 43. Rd6 Rab8 44. Nd4 g6 45. Nc6 Na8 46. Ra7 1-0

[Event "España ch 2008 sub 18"]
[Site "Padrón ESP"]
[Date "2008.07.30"]
[Round "6.35"]
[White "Marrero Falcon, Hector"]
[Black "Jimenez Lupianez, Laura"]
[Result "1-0"]
[WhiteElo "2044"]
[BlackElo "1901"]
[PlyCount "83"]
[EventDate "2008.07.27"]
[EventType "swiss"]
[EventRounds "9"]
[EventCountry "ESP"]
[Source "lmi"]
[SourceDate "2008.07.27"]

1. e4 e5 2. d4 exd4 3. Qxd4 Nc6 4. Qe3 Nf6 5. Nc3 Bb4 6. Bd2 O-O 7. O-O-O Re8
8. Qg3 Rxe4 9. a3 Bd6 10. f4 Re8 11. Bd3 Bf8 12. Nf3 d5 13. f5 d4 14. Nb5 a6
15. Nxc7 Bd6 16. Bf4 Nh5 17. Bxd6 Nxg3 18. Bxg3 Bd7 19. Nxe8 Bxe8 20. Rhe1 Qb6
21. f6 g6 22. Bc4 Rd8 23. Re4 h6 24. Bf2 Na5 25. Rdxd4 Nxc4 26. Rxd8 Qxd8 27.
Rxc4 Qxf6 28. Rc8 Qe6 29. Rd8 b5 30. Bg3 f5 31. Be5 Kh7 32. Rd6 Qf7 33. Bc3 Qc7
34. Rxa6 Qb7 35. Re6 Bf7 36. Re5 Qb6 37. Re7 Kg8 38. Bd4 Qd6 39. Ra7 Qf4+ 40.
Kd1 Qd6 41. Ra8+ Kh7 42. Rh8# 1-0

[Event "España ch 2008 sub 18"]
[Site "Padrón ESP"]
[Date "2008.07.30"]
[Round "6.36"]
[White "Perez Malvido, Javier"]
[Black "Lopez Paniego, Noel"]
[Result "1-0"]
[WhiteElo "1842"]
[BlackElo "2011"]
[PlyCount "75"]
[EventDate "2008.07.27"]
[EventType "swiss"]
[EventRounds "9"]
[EventCountry "ESP"]
[Source "lmi"]
[SourceDate "2008.07.27"]

1. e4 e5 2. Nf3 Nc6 3. Bc4 Bc5 4. c3 Nf6 5. d3 d6 6. Nbd2 O-O 7. O-O h6 8. Bb3
Be6 9. Bc2 Re8 10. h3 a6 11. Re1 Ba7 12. Nf1 Qd7 13. Ng3 d5 14. Bb1 Rad8 15.
exd5 Bxd5 16. b4 Bc4 17. Be3 Bxe3 18. Rxe3 Nd5 19. dxc4 Nxe3 20. Qxd7 Rxd7 21.
fxe3 Rd1+ 22. Kf2 Rdd8 23. Ke2 g6 24. Ne4 Kg7 25. Nc5 Rb8 26. g4 Re7 27. Be4
Nd8 28. Rd1 Ne6 29. Nxe6+ Rxe6 30. Rd7 c6 31. a4 b5 32. cxb5 cxb5 33. Bd5 Rf6
34. Nxe5 bxa4 35. Nxf7 a3 36. Ng5+ Kf8 37. Nh7+ Ke8 38. Nxf6+ 1-0

[Event "España ch 2008 sub 18"]
[Site "Padrón ESP"]
[Date "2008.07.30"]
[Round "6.37"]
[White "Escobar Figueroa, Sandra"]
[Black "Ribas Gomez, Diego"]
[Result "0-1"]
[WhiteElo "1794"]
[BlackElo "1996"]
[PlyCount "40"]
[EventDate "2008.07.27"]
[EventType "swiss"]
[EventRounds "9"]
[EventCountry "ESP"]
[Source "lmi"]
[SourceDate "2008.07.27"]

1. e4 c5 2. Nf3 d6 3. d4 cxd4 4. Qxd4 Nc6 5. Bb5 Bd7 6. Bxc6 bxc6 7. c4 Nf6 8.
Nc3 g6 9. O-O Bg7 10. Qd3 O-O 11. Bg5 Qb6 12. Rab1 Rfe8 13. Bxf6 Bxf6 14. e5
Bf5 15. Qd2 dxe5 16. Ra1 e4 17. Ne1 Rab8 18. b3 Red8 19. Qb2 e3 20. Rc1 exf2+
0-1

[Event "España ch 2008 sub 18"]
[Site "Padrón ESP"]
[Date "2008.07.30"]
[Round "6.38"]
[White "Villanueva Arguinberri, Bruno"]
[Black "Marin Benito, Carla"]
[Result "0-1"]
[WhiteElo "1981"]
[BlackElo "1785"]
[PlyCount "30"]
[EventDate "2008.07.27"]
[EventType "swiss"]
[EventRounds "9"]
[EventCountry "ESP"]
[Source "lmi"]
[SourceDate "2008.07.27"]

1. d4 Nf6 2. Nf3 g6 3. g3 Bg7 4. Bg2 O-O 5. O-O d6 6. a4 c6 7. Nbd2 Qa5 8. c3
Qh5 9. Re1 Bh3 10. Bh1 Bg4 11. a5 c5 12. b3 Na6 13. Ba3 cxd4 14. Nxd4 Rab8 15.
Nb5 Qxb5 0-1

[Event "España ch 2008 sub 18"]
[Site "Padrón ESP"]
[Date "2008.07.30"]
[Round "6.42"]
[White "Ruiz De La Torre Perez, Cristin"]
[Black "Sousa Barreiro, Bieito"]
[Result "1/2-1/2"]
[WhiteElo "1908"]
[BlackElo "1587"]
[PlyCount "107"]
[EventDate "2008.07.27"]
[EventType "swiss"]
[EventRounds "9"]
[EventCountry "ESP"]
[Source "lmi"]
[SourceDate "2008.07.27"]

1. d4 Nf6 2. c4 c5 3. d5 b5 4. cxb5 a6 5. bxa6 Bxa6 6. Nc3 d6 7. g3 g6 8. Bg2
Bg7 9. e4 Nbd7 10. Nge2 Ne5 11. O-O Nd3 12. Qc2 Nd7 13. Rd1 c4 14. Be3 Qa5 15.
Nd4 Nb8 16. Rdb1 O-O 17. a3 Rc8 18. Bf1 Nc5 19. Rd1 Ra7 20. Na2 Nd3 21. Nb4
Nxb4 22. axb4 Qxb4 23. Nb5 Rb7 24. Nd4 Qxb2 25. Qxb2 Rxb2 26. Rdb1 Rxb1 27.
Rxb1 h6 28. Rb6 Kh7 29. Nc6 Nxc6 30. dxc6 Ra8 31. c7 Rc8 32. Rxa6 Rxc7 33. Ra7
Rxa7 34. Bxa7 c3 35. Bd3 e6 36. Kf1 f5 37. f3 d5 38. exd5 exd5 39. g4 fxg4 40.
fxg4 Be5 41. h3 Kg7 42. Ke2 d4 43. Kf3 g5 44. Ke4 Bf6 45. Bxd4 h5 46. Bxf6+
Kxf6 47. gxh5 Kg7 48. Kf3 Kh6 49. Kg4 Kg7 50. Bf5 Kh8 51. Bg6 Kg7 52. Kf3 Kh6
53. Ke3 c2 54. Bxc2 1/2-1/2

[Event "España ch 2008 sub 18"]
[Site "Padrón ESP"]
[Date "2008.07.30"]
[Round "6.43"]
[White "Crespo Ramos, Maria"]
[Black "Pueyo Burrell, David"]
[Result "0-1"]
[WhiteElo "1560"]
[BlackElo "2126"]
[PlyCount "66"]
[EventDate "2008.07.27"]
[EventType "swiss"]
[EventRounds "9"]
[EventCountry "ESP"]
[Source "lmi"]
[SourceDate "2008.07.27"]

1. e4 c5 2. Nf3 Nc6 3. d4 cxd4 4. Nxd4 g6 5. Nc3 Bg7 6. Be3 Nf6 7. f3 O-O 8.
Bc4 d6 9. Qd2 Bd7 10. h4 Rc8 11. Bb3 h5 12. O-O-O Ne5 13. Bg5 Rc5 14. Nde2 b5
15. f4 Neg4 16. Ng3 a5 17. a3 b4 18. axb4 axb4 19. Nd5 Nxd5 20. Bxd5 Qa5 21.
Kb1 Bxb2 22. Kxb2 Qa3+ 23. Kb1 Ra5 24. Qd4 Rc8 25. Qb2 Qxg3 26. Rhg1 Ne3 27.
Rd3 Qf2 28. Rc1 Nxd5 29. exd5 Bf5 30. Rb3 Rxc2 31. Rxc2 Qe1+ 32. Qc1 Bxc2+ 33.
Kxc2 Rc5+ 0-1